Le traiettorie disadattive in adolescenza (Record n. 209897)
[ formato base ]
| 000 -LEADER | |
|---|---|
| fixed length control field | 01923nam a2200217Ia 4500 |
| 001 - CONTROL NUMBER | |
| control field | B7082-51689 |
| 003 - CONTROL NUMBER IDENTIFIER | |
| control field | IT-MiCISF |
| 008 - FIXED-LENGTH DATA ELEMENTS--GENERAL INFORMATION | |
| fixed length control field | 161014s9999||||xx |||||||||||||| ||und|| |
| 040 ## - CATALOGING SOURCE | |
| Original cataloging agency | IT-MiCISF |
| Transcribing agency | IT-MiCISF |
| 041 ## - LANGUAGE CODE | |
| Language code of text/sound track or separate title | it |
| 999 ## - SYSTEM CONTROL NUMBERS (KOHA) | |
| Koha Dewey Subclass [OBSOLETE] | si |
| 100 ## - MAIN ENTRY--PERSONAL NAME | |
| Personal name | Pace Ugo |
| 245 #0 - TITLE STATEMENT | |
| Title | Le traiettorie disadattive in adolescenza |
| Remainder of title | Le differenti forme del disagio in una fase di transazione # |
| 250 ## - EDITION STATEMENT | |
| Edition statement | 1a ed. |
| 260 ## - PUBLICATION, DISTRIBUTION, ETC. (IMPRINT) | |
| Place of publication, distribution, etc. | Milano |
| Name of publisher, distributor, etc. | Franco Angeli |
| Date of publication, distribution, etc. | 2012 |
| 300 ## - PHYSICAL DESCRIPTION | |
| Extent | pp. 139 |
| 500 ## - GENERAL NOTE | |
| General note | / bullismo, adolescenza, formazione -personalità, tossicodipendenza, salute-mentale, educazione / La complessità dei compiti evolutivi adolescenziali espone l'individuo a vissuti di incertezza e di vuoto dovuti alla sospensione tra la perdita dell'immagine infantile e la non ancora strutturata identità adulta. Alcuni adolescenti tollerano i sentimenti di malessere che derivano da tutto ciò, altri incorrono in una crisi più intensa dove possono trovare spazio la crisi depressiva, le tendenze antisociali, l'uso di sostanze, l'antisocialità e, alcune volte, anche il pensiero di porre fine alla propria esistenza. A quali condizioni la sofferenza adolescenziale può essere quindi considerata una "normale" condizione esistenziale, definita dal vissuto di perdite importanti, dal peso di reali assunzioni di responsabilità e da sfide continue ma propedeutica allo sviluppo adattivo o, al contrario, il campanello di allarme di un potenziale disagio psicologico futuro? Obiettivo di questo libro è quello di analizzare il rapporto fra compiti di sviluppo e reazioni a tali compiti, in un periodo dell'esistenza dove le traiettorie di sviluppo possono virare repentinamente verso lidi accoglienti, o al contrario, approdare a condizioni di esistenza disadattive, quando non addirittura patologiche. |
| 650 ## - SUBJECT ADDED ENTRY--TOPICAL TERM | |
| Topical term or geographic name as entry element | Adolescenti e giovani / età-evolutiva |
| Relator term | 009 |
| 700 ## - ADDED ENTRY--PERSONAL NAME | |
| Personal name | Guzzo Giovanni |
| 942 ## - ADDED ENTRY ELEMENTS (KOHA) | |
| Koha item type | LIBRO |
| 957 ## - | |
| -- | 1 |
| 999 ## - SYSTEM CONTROL NUMBERS (KOHA) | |
| -- | 1 |
| Withdrawn status | Lost status | Damaged status | Not for loan | Home library | Current library | Date acquired | Total Checkouts | Full call number | Date last seen | Price effective from | Koha item type | Public note |
|---|---|---|---|---|---|---|---|---|---|---|---|---|
| Buone Condizioni | Not For Loan | CISF - Milano | CISF - Milano | 14/10/2016 | B7082-51689 | 14/10/2016 | 14/10/2016 | LIBRO | Data import 15.10.2016 / by Epidotti, Vaglietti |